Chemistry of the elements

Saved in:
Bibliographic Details
Main Author: Greenwood, N. N. (Norman Neill)
Other Authors: Earnshaw, A. (Alan)
Format: Book
Language:English
Published: Oxford ; Boston Butterworth-Heinemann 1997.
Edition:2nd ed.
Subjects:
Online Access:Publisher description
Table of contents
View in OPAC
Tags: Add Tag
No Tags, Be the first to tag this record!

MARC

LEADER 00000cam a2200000 a 4500
001 vtls011987050
003 SK-BrSCK
005 20260127134422.0
008 200813s1997 enka b 001 0 eng
010 |a 97-036336 
020 |a 0750633654 (pbk.) 
040 |a DLC  |c SK-BrSCK  |d DLC  |d STUDCHK1 
080 0 0 |a 546  |2 21 
100 1 |a Greenwood, N. N.  |q (Norman Neill) 
245 1 0 |a Chemistry of the elements  |c N.N. Greenwood and A. Earnshaw 
250 |a 2nd ed. 
260 |a Oxford ;  |a Boston  |b Butterworth-Heinemann  |c 1997. 
300 |a xxii, 1341 p.  |b ill.  |c 25 cm. 
504 |a Includes bibliographical references and index. 
650 0 |a Chemical elements. 
700 1 |a Earnshaw, A.  |q (Alan) 
856 4 2 |3 Publisher description  |u http://www.loc.gov/catdir/description/els032/97036336.html 
856 4 1 |3 Table of contents  |u http://www.loc.gov/catdir/toc/els032/97036336.html 
906 |a 7  |b cbc  |c orignew  |d 1  |e ocip  |f 19  |g y-gencatlg 
910 |a SCHK95 
942 |2 udc  |c 14 
949 |6 schkA2020/102448  |a schkA2020/102448  |b schkA2020/102448 
999 |c 12349  |d 12349